| 000 -ლიდერი |
| ფიქსირებული სიგრძის საკონტროლო ველი |
01699nam a2200277Ia 4500 |
| 001 - საკონტროლო ნომერი |
| საკონტროლო ველი |
23213 |
| 003 - საკონტროლო ნომრის იდენტიფიკატორი |
| საკონტროლო ველი |
GE_BSU |
| 005 - ბოლო ოპერაციის თარიღი და დრო |
| საკონტროლო ველი |
20251013173251.0 |
| 008 - ფიქსირებული სიგრძის მონაცემთა ელემენტები - ზოგადი ინფორმაცია |
| ფიქსირებული სიგრძის საკონტროლო ველი |
181216s1990||||ge |||||||||||||| ||geo|| |
| 040 ## - კატალოგიზაციის წყარო |
| Transcribing agency |
GE_BSU |
| 041 ## - ენის კოდი |
| Language code of text/sound track or separate title |
geo |
| 080 ## - უნივერსალური ათობითი კლასიფიკაციის ინდექსი |
| Universal Decimal Classification number |
94(479.22)"1918.05" + 327(479.22)(09) ა-97 |
| 100 ## - მთავარი ჩანაწერი - პიროვნების სახელი |
| Personal name |
ავალიშვილი, ზურაბ |
| 9 (RLIN) |
26018 |
| 245 ## - ცნობა სათაურის შესახებ |
| Title |
საქართველოს დამოუკიდებლობა 1918-1921 წლების საერთაშორისო პოლიტიკაში : წ. 1 : |
| Remainder of title |
მოგონებანი, ნარკვევები / |
| Statement of responsibility, etc |
ზურაბ ავალიშვილი ; სამეც. რედ: გურამ მამულია ; მხატვ.: გიორგი ლომიძე. |
| 264 ## - წარმოების, გამოცემის, დისტრიბუციის და სხვა ცნობები |
| გამოცემის, წარმოების, დისტრიბუციის... ადგილი |
თბილისი : |
| გამოცემის, წარმოების, დისტრიბუციის... სახელწოდება |
ნიამორი, |
| გამოცემის, წარმოების, დისტრიბუციის... თარიღი |
1990. |
| 300 ## - ფიზიკური აღწერა |
| Extent |
193 გვ. ; |
| Dimensions |
20 სმ. |
| 653 ## - INDEX TERM--UNCONTROLLED |
| Uncontrolled term |
ისტორია |
| 653 ## - INDEX TERM--UNCONTROLLED |
| Uncontrolled term |
პოლიტიკა |
| 653 ## - INDEX TERM--UNCONTROLLED |
| Uncontrolled term |
საქართველოს დამოუკიდებელი რესპუბლიკა, 1918-1921 წ.წ. |
| 653 ## - INDEX TERM--UNCONTROLLED |
| Uncontrolled term |
საქართველოს დამოუკიდებლობა 1918-1921 წლების საერთაშორისო პოლიტიკაში : წ. 1: მოგონებანი, ნარკვევები. |
| 653 ## - INDEX TERM--UNCONTROLLED |
| Uncontrolled term |
საერთაშორისო პოლიტიკა |
| 700 ## - ADDED ENTRY--PERSONAL NAME |
| Personal name |
მამულია, გურამ |
| Relator term |
რედაქტორი |
| 9 (RLIN) |
18427 |
| 700 ## - ADDED ENTRY--PERSONAL NAME |
| Personal name |
ლომიძე, გიორგი |
| Relator term |
მხატვარი |
| 9 (RLIN) |
26019 |
| 942 ## - ADDED ENTRY ELEMENTS (KOHA) |
| Koha item type |
წიგნი |
| Source of classification or shelving scheme |
|